The drugs and cosmetics act, 1940 : (Record no. 150038)

MARC details
000 -LEADER
fixed length control field 00841nam a22001937a 4500
005 - DATE AND TIME OF LATEST TRANSACTION
control field 20180219122637.0
010 ## - LCCN (DPL NO)
LC control number B-689592
020 ## - INTERNATIONAL STANDARD BOOK NUMBER
Terms of availability 450.00
035 ## - SYSTEM CONTROL NUMBER
System control number B-689592
037 ## - SOURCE OF ACQUISITION
Stock number dpl
Source of stock number/acquisition KKP
082 ## - DEWEY DECIMAL CLASSIFICATION NUMBER
Classification number 344.04233
245 ## - TITLE STATEMENT
Title The drugs and cosmetics act, 1940 :
Remainder of title (23 of 1940) with the drugs and cosmetics rules, 1945 as amended by (Ninth Amendment) rules, 2017 / /
260 ## - PUBLICATION, DISTRIBUTION, ETC. (IMPRINT)
Place of publication, distribution, etc Delhi
Name of publisher, distributor, etc Universal Law Publishing
Date of publication, distribution, etc 2018
270 ## - ADDRESS
Address LexisNexis, 14th Floor, Building No.10, DLF Cyber City, Phase-II
City Gurgaon
Postal code 122002
300 ## - PHYSICAL DESCRIPTION
Extent xxii,607p.
Dimensions 25cm(pbk)
505 ## - FORMATTED CONTENTS NOTE
Formatted contents note (Rashtrapati Bhawan)
942 ## - ADDED ENTRY ELEMENTS (KOHA)
Source of classification or shelving scheme Dewey Decimal Classification
Item type English Books
Call number suffix DRU
Classification part 344.04233
Holdings
Withdrawn status Lost status Not for loan Collection code Home library Current library Date acquired Source of acquisition Cost, normal purchase price Full call number Barcode Copy number Cost, replacement price Koha item type
      Non-fiction Mobile Library Mobile Library 19/02/2018 KKP/BL-61/14.2.2018/EN/SPL/2017-18/769/10.2.2018/16.2.2018 450.00 344.04233 DRU B-689592 1 450.00 English Books

© Delhi Public Library
Hit Counter
free hit counter